Every Dancing With The Stars Contestant - Statistics

General Stats
  • This quiz has been taken 102 times
  • The average score is 151 of 392
Answer Stats
Hint Answer % Correct
Season 24 - 10th Mr. T
96%
Season 30 - 11th Melanie C
94%
Season 5 - Runner Up Mel B
94%
Season 16 - Runner Up Zendaya
86%
Season 8 - 8th Steve-O
84%
Season 21 - Winner Bindi Irwin
76%
Season 24 - 4th Simone Biles
76%
Season 31 - Winner Charli D'Amelio
73%
Season 18 - 5th Charlie White
73%
Season 32 - TBD Jason Mraz
73%
Season 25 - Winner Jordan Fisher
73%
Season 12 - Runner Up Kirstie Alley
73%
Season 28 - Winner Hannah Brown
71%
Season 1 - Winner Kelly Monaco
71%
Season 2 - 7th Master P
71%
Season 18 - Winner Meryl Davis
71%
Season 19 - Winner Alfonso Ribeiro
69%
Season 17 - Winner Amber Riley
69%
Season 32 - TBD Barry Williams
69%
Season 30 - Runner Up JoJo Siwa
69%
Juniors - 4th Miles Brown
69%
Season 8 - Winner Shawn Johnson
69%
Season 23- 10th Vanilla Ice
69%
Season 32 - TBD Xochitl Gomez
69%
Season 27 - Winner Bobby Bones
67%
Season 9 - Winner Donny Osmond
67%
Season 7 - 11th Kim Kardashian
67%
Season 27 - Runner Up Milo Manheim
67%
Season 20 - Winner Rumer Willis
67%
Season 31 - 8th Heidi D'Amelio
65%
Season 26 - Runner Up Josh Norman
65%
Season 16 - Winner Kellie Pickler
65%
Season 23 - Winner Laurie Hernandez
65%
Season 32 - TBD Lele Pons
65%
Season 30 - 12th Matt James
65%
Season 20 - Runner Up Riker Lynch
65%
Season 3 - Winner Emmitt Smith
63%
Season 32 - TBD Harry Jowsey
63%
Season 32 - TBD Jamie Lynn Spears
63%
Season 21 - Runner Up Nick Carter
63%
Season 13 - Runner Up Rob Kardashian
63%
Season 19 - Runner Up Sadie Robertson
63%
Season 31 - 4th Shangela
63%
Juniors - Winner Sky Brown
63%
Season 31 - 3rd Wayne Brady
63%
Season 32 - TBD Ariana Madix
61%
Season 31 - Runner Up Gabby Windey
61%
Season 30 - Winner Iman Shumpert
61%
Season 8 - 5th Lil Kim
61%
Season 26 - Winner Adam Rippon
59%
Season 32 - TBD Alyson Hannigan
59%
Season 17 - Runner Up Corbin Bleu
59%
Season 2 - Winner Drew Lachey
59%
Season 25 - Runner Up Lindsey Stirling
59%
Season 25 - 9th Nick Lachey
59%
Season 22 - Winner Nyle Dimarco
59%
Season 32 - TBD Adrian Peterson
57%
Season 4 - Winner Apolo Anton Ohno
57%
Season 27 - 3rd Evanna Lynch
57%
Season 24 - 8th Heather Morris
57%
Season 28 - 8th Karamo Brown
57%
Season 8 - 3rd Melissa Rycroft
57%
Season 10 - Winner Nicole Scherzinger
57%
Season 30 - 5th Suni Lee
57%
Season 19 - 4th Bethany Mota
55%
Season 23- 3rd Calvin Johnson Jr
55%
Season 32 - TBD Charity Lawson
55%
Season 22 - 3rd Ginger Zee
55%
Season 25 - 7th Vanessa Lachey
55%
Season 20 - 7th Willow Shields
55%
Season 22 - 5th Antonio Brown
53%
Season 19 - 10th Betsey Johnson
53%
Season 16 - 3rd Jacoby Jones
53%
Season 14 - 7th Jaleel White
53%
Season 29 - Winner Kaitlyn Bristowe
53%
Season 6 - Winner Kristi Yamaguchi
53%
Season 19 - 13th Lolo Jones
53%
Juniors - Runner Up Mackenzie Ziegler
53%
Season 5 - 3rd Marie Osmond
53%
Season 30 - 6th Melora Hardin
53%
Season 20 - 4th Nastia Liukin
53%
Season 24 - Winner Rashad Jennings
53%
Season 9 - 5th Aaron Carter
51%
Season 27 - 4th Alexis Ren
51%
Season 18 - 10th Billy Dee Williams
51%
Season 11 - 3rd Bristol Palin
51%
Season 18 - 3rd Candace Cameron Bure
51%
Season 32 - TBD Mira Sorvino
51%
Season 26 - 3rd Tonya Harding
51%
Season 7 - Winner Brooke Burke
49%
Season 21 - 4th Carlos PenaVega
49%
Season 31 - 5th Daniel Durant
49%
Season 25 - 11th Derek Fisher
49%
Season 14 - Winner Donald Driver
49%
Season 25 - 3rd Frankie Muniz
49%
Season 17 - 3rd Jack Osbourne
49%
Season 18 - 4th James Maslow
49%
Season 26 - 10th Jamie Anderson
49%
Season 19 - 3rd Janel Parrish
49%
Season 11 - Winner Jennifer Grey
49%
Season 31 - 9th Jordin Sparks
49%
Season 3 - Runner Up Mario Lopez
49%
Season 32 - 14th Matt Walsh
49%
Season 29 - Runner Up Nev Schulman
49%
Season 29 - 5th Skai Jackson
49%
Season 21 - 6th Alexa PenaVega
47%
Season 28 - 3rd Ally Brooke
47%
Season 16- 4th Aly Raisman
47%
Season 18 - Runner Up Amy Purdy
47%
Season 24 - Runner Up David Ross
47%
Season 12 - Winner Hines Ward
47%
Season 22 - Runner Up Paige VanZant
47%
Season 10 - 6th Pamela Anderson
47%
Season 5 - 7th Sabrina Bryan
47%
Season 21 - 5th Tamar Braxton
47%
Season 32 - TBD Tyson Beckford
47%
Season 29 - 11th Vernon Davis
47%
Season 12 - 10th Wendy Williams
47%
Season 29 - 14th Carole Baskin
45%
Season 18 - 9th Cody Simpson
45%
Season 25 - 4th Drew Scott
45%
Season 5 - Winner Helio Castroneves
45%
Season 23 - 13th Jake T Austin
45%
Season 4 - Runner Up Joey Fatone
45%
Season 9 - 3rd Kelly Osbourne
45%
Season 17 - 12th Keyshawn Johnson
45%
Season 4 - 3rd Laila Ali
45%
Season 20 - 10th Michael Sam
45%
Season 24 - 7th Nancy Kerrigan
45%
Season 29 - 3rd Nelly
45%
Season 20 - 8th Patti LaBelle
45%
Season 22 - 7th Von Miller
45%
Season 22 - 4th Wanyá Morris
45%
Season 30 - 13th Brian Austin Green
43%
Season 31 - 16th Jason Lewis
43%
Season 30 - 7th Jimmie Allen
43%
Season 22 - 6th Jodie Sweetin
43%
Season 13 - Winner J.R. Martinez
43%
Season 28 - Runner Up Kel Mitchell
43%
Season 28 - 6th Sean Spicer
43%
Season 31 - 15th Teresa Giudice
43%
Season 31 - 6th Trevor Donovan
43%
Season 30 - 4th Amanda Kloots
41%
Season 23 - 11th Babyface
41%
Season 4 - 5th Billy Ray Cyrus
41%
Season 20 - 5th Chris Soules
41%
Season 10 - 3rd Erin Andrews
41%
Season 8 - Runner Up Gilles Marini
41%
Season 21 - 8th Hayes Grier
41%
Season 28 - 5th James Van Der Beek
41%
Season 27 - 6th Joe Amabile
41%
Season 1 - Runner Up John O'Hurley
41%
Season 19 - 9th Jonathan Bennett
41%
Season 31 - 11th Joseph Baena
41%
Season 27 - 5th Juan Pablo Di Pace
41%
Season 26 - 8th Kareem Abdul-Jabbar
41%
Season 14 - Runner Up Katherine Jenkins
41%
Season 19 - 6th Lea Thompson
41%
Season 9 - 15th Macy Gray
41%
Juniors - 5th Mandla Morris
41%
Season 27 - 9th Mary Lou Retton
41%
Season 32 - TBD Mauricio Umansky
41%
Season 3 - 4th Monique Coleman
41%
Season 24 - 6th Nick Viall
41%
Season 24 - 3rd Normani Kordei
41%
Season 30 - 8th Olivia Jade
41%
Season 31 - 13th Sam Champion
41%
Season 31 - 12th Selma Blair
41%
Season 21 - 7th Andy Grammer
39%
Season 18 - 6th Danica McKellar
39%
Season 17 - 6th Elizabeth Berkley-Lauren
39%
Season 23 - Runner Up James Hinchcliffe
39%
Season 2 - Runner Up Jerry Rice
39%
Season 31 - 10th Jessie James Decker
39%
Season 3 - 3rd Joey Lawrence
39%
Season 7 - 3rd Lance Bass
39%
Season 9 - 9th Melissa Joan Hart
39%
Season 13 - 3rd Ricki Lake
39%
Season 17 - 8th Snooki
39%
Season 30 - 9th The Miz
39%
Juniors - 11th Tripp Johnston Palin
39%
Season 23 - 9th Amber Rose
37%
Season 24 - 5th Bonner Bolton
37%
Season 12 - 3rd Chelsea Kane
37%
Season 23 - 4th Jana Kramer
37%
Season 10 - 8th Kate Gosselin
37%
Season 30 - 15th Martin Kove
37%
Season 28 - 12th Mary Wilson
37%
Season 11 - 11th Michael Bolton
37%
Season 9 - Runner Up Mya
37%
Season 18 - 7th NeNe Leakes
37%
Season 28 - 11th Ray Lewis
37%
Season 7 - 8th Toni Braxton
37%
Season 31 - 7th Vinny Guadagnino
37%
Season 16 - 7th Andy Dick
35%
Season 21 - 13th Chaka Khan
35%
Season 24 - 12th Chris Kattan
35%
Season 30 - 3rd Cody Rigsby
35%
Season 25 - 12th Debbie Gibson
35%
Season 11 - 8th Florence Henderson
35%
Season 29 - 6th Johnny Weir
35%
Season 30 - 10th Kenya Moore
35%
Season 22 - 8th Kim Fields
35%
Season 16 - 10th Lisa Vanderpump
35%
Season 23 - 6th Marilu Henner
35%
Season 6 - 5th Mario
35%
Season 25 - 8th Nikki Bella
35%
Season 21 - 9th Paula Deen
35%
Season 1 - 4th Rachel Hunter
35%
Season 20 - 6th Robert Herjavec
35%
Season 23 - 7th Ryan Lochte
35%
Season 16 - 6th Sean Lowe
35%
Season 20 - 9th Suzanne Somers
35%
Season 19 - 5th Tommy Chong
35%
Season 1 - 6th Trista Sutter
35%
Season 17 - 11th Bill Nye
33%
Season 11 - 4th Brandy
33%
Season 31 - 14th Cheryl Ladd
33%
Season 7 - 7th Cloris Leachman
33%
Season 18 - 8th Drew Carey
33%
Season 4 - 4th Ian Ziering
33%
Season 6 - Runner Up Jason Taylor
33%
Season 3 - 5th Jerry Springer
33%
Season 29 - 4th Justina Machado
33%
Season 11 - Runner Up Kyle Massey
33%
Season 2 - 4th Lisa Rinna
33%
Season 23 - 8th Maureen McCormick
33%
Season 22 - 11th Mischa Barton
33%
Season 7 - 10th Misty May-Treanor
33%
Season 27 - 13th Nikki Glaser
33%
Season 20 - 3rd Noah Galloway
33%
Season 20 - 12th Redfoo
33%
Season 10 - 11th Shannen Doherty
33%
Season 6 - 6th Shannon Elizabeth
33%
Season 2 - 3rd Stacy Keibler
33%
Season 27 - 10th Tinashe
33%
Season 25 - 13th Barbara Corcoran
31%
Season 17 - 4th Bill Engvall
31%
Season 24 - 11th Charo
31%
Season 17 - 9th Christina Millian
31%
Season 30 - 14th Christine Chiu
31%
Season 7 - 4th Cody Linley
31%
Season 22 - 12th Geraldo Rivera
31%
Juniors - 8th Honey Boo Boo
31%
Season 29 - 9th Jeannie Mai
31%
Season 7 - 13th Jeff Ross
31%
Season 26 - 4th Mirai Nagasu
31%
Season 23 - 12th Rick Perry
31%
Season 8 - 10th Steve Wozniak
31%
Season 14 - 3rd William Levy
31%
Season 21 - 3rd Alek Skarlatos
29%
Juniors - 3rd Ariana Greenblatt
29%
Season 29 - 15th Charles Oakley
29%
Season 20 - 11th Charlotte McKinney
29%
Season 26 - 5th Chris Mazdzer
29%
Season 22 - 9th Doug Flutie
29%
Season 1 - 5th Evander Holyfield
29%
Season 21 - 10th Gary Busey
29%
Season 14 - 8th Gladys Knight
29%
Season 13 - 4th Hope Solo
29%
Season 5 - 4th Jennie Garth
29%
Season 1 - 3rd Joey McIntyre
29%
Season 28 - 4th Lauren Alaina
29%
Season 17 - 5th Leah Remini
29%
Season 11 - 10th Margaret Cho
29%
Season 22 - 10th Marla Maples
29%
Season 29 - 10th Monica Aldama
29%
Season 27 - 11th Nancy McKeon
29%
Season 10 - 5th Niecy Nash
29%
Season 12 - 5th Romeo
29%
Season 28 - 9th Sailor Brinkley-Cook
29%
Season 3 - 11th Tucker Carlson
29%
Season 8 - 4th Ty Murray
29%
Season 16 - 8th Victor Ortiz
29%
Season 3 - 8th Vivica A. Fox
29%
Season 7 - Runner Up Warren Sapp
29%
Season 29 - 7th AJ McLean
27%
Season 29 - 13th Anne Heche
27%
Season 10 - 10th Buzz Aldrin
27%
Season 13 - 7th Chaz Bono
27%
Season 27 - 12th Danelle Umstead
27%
Season 8 - 9th David Alan Grier
27%
Season 11 - 12th David Hasselhoff
27%
Season 18 - 12th Diana Nyad
27%
Season 8 - 11th Holly Madison
27%
Season 10 - 7th Jake Pavelka
27%
Season 5 - 6th Jane Seymour
27%
Juniors - 7th Jason Maybaum
27%
Season 29 - 12th Jesse Metcalfe
27%
Season 26 - 9th Johnny Damon
27%
Season 8 - 7th Lawrence Taylor
27%
Season 5 - 8th Mark Cuban
27%
Season 11 - 6th Rick Fox
27%
Season 3 - 6th Sara Evans
27%
Season 25 - 10th Sasha Pieterse
27%
Season 23 - 5th Terra Jolé
27%
Season 25 - 6th Terrell Owens
27%
Season 17 - 10th Valerie Harper
27%
Season 25 - 5th Victoria Arlen
27%
Season 10 - 9th Aiden Turner
24%
Season 17 - 7th Brant Daugherty
24%
Season 10 - 4th Chad Ochocinco
24%
Season 27 - 7th DeMarcus Ware
24%
Season 8 - 12th Denise Richards
24%
Season 26 - 6th Jennie Finch Daigle
24%
Season 28 - 7th Kate Flannery
24%
Season 21 - 11th Kim Zolciak-Biermann
24%
Season 13 - 10th Kristin Cavallari
24%
Season 19 - 7th Michael Waltrip
24%
Season 6 - 8th Priscilla Presley
24%
Season 19 - 11th Randy Couture
24%
Season 14 - 6th Roshon Fegan
24%
Season 19 - 12th Tavis Smiley
24%
Season 26 - 7th Arike Ogunbowale
22%
Season 9 - 16th Ashley Hamilton
22%
Season 8 - 13th Belinda Carlisle
22%
Season 13 - 8th Carson Kressley
22%
Season 12 - 7th Chris Jericho
22%
Season 16 - 12th Dorothy Hamill
22%
Season 10 - Runner Up Evan Lysacek
22%
Season 9 - 4th Joanna Krupa
22%
Season 27 - 8th John Schneider
22%
Season 12 - 4th Ralph Macchio
22%
Season 18 - 11th Sean Avery
22%
Season 14 - 10th Sherri Shepherd
22%
Juniors - 9th Sophia Pippen
22%
Season 21 - 12th Victor Espinoza
22%
Season 3 - 7th Willa Ford
22%
Season 6 - 9th Adam Carolla
20%
Season 5 - 11th Albert Reed
20%
Season 19 - 8th Antonio Sabato Jr
20%
Season 11 - 7th Audrina Patridge
20%
Season 5 - 5th Cameron Mathison
20%
Season 8 - 6th Chuck Wicks
20%
Season 13 - 9th Chynna Phillips
20%
Season 6 - 3rd Cristian de la Fuente
20%
Season 24 - 9th Erika Jayne
20%
Season 2 - 5th George Hamilton
20%
Season 16 - 5th Ingo Rademacher
20%
Season 12 - 6th Kendra Wilkinson
20%
Season 11 - 5th Kurt Warner
20%
Season 28 - 10th Lamar Odom
20%
Season 6 - 4th Marissa Jaret Winokur
20%
Season 13 - 12th Metta World Peace
20%
Season 13 - 5th Nancy Grace
20%
Season 9 - 13th Tom DeLay
20%
Season 5 - 10th Wayne Newton
20%
Juniors - 6th Akash Vukoti
18%
Season 9 - 11th Chuck Liddell
18%
Season 13 - 6th David Arquette
18%
Season 16- 9th D.L. Hughley
18%
Season 13 - 11th Elisabetta Canalis
18%
Season 14 - 9th Gavin DeGraw
18%
Juniors - 10th Hudson West
18%
Season 9 - 14th Kathy Ireland
18%
Season 2 - 10th Kenny Mayne
18%
Season 9 - 8th Louie Vito
18%
Season 14 - 4th Maria Menounos
18%
Season 6 - 7th Marlee Matlin
18%
Season 6 - 12th Penn Jillette
18%
Season 2 - 9th Tatum O'Neal
18%
Season 2 - 6th Tia Carrere
18%
Season 16- 11th Wynonna Judd
18%
Season 5 - 9th Floyd Mayweather
16%
Season 2 - 8th Giselle Fernandez
16%
Season 3 - 9th Harry Hamlin
16%
Season 4 - 7th Heather Mills
16%
Season 14 - 11th Jack Wagner
16%
Season 4 - 6th John Ratzenberger
16%
Season 4 - 9th Leeza Gibbons
16%
Season 14 - 5th Melissa Gilbert
16%
Season 12 - 11th Mike Catherwood
16%
Season 9 - 10th Natalie Coughlin
16%
Season 12 - 8th Petra Nemcova
16%
Season 7 - 6th Susan Lucci
16%
Season 7 - 12th Ted McGinley
16%
Season 4 - 8th Clyde Drexler
14%
Season 9 - 12th Debi Mazar
14%
Season 5 - 12th Josie Maran
14%
Season 14 - 12th Martina Navratilova
14%
Season 7 - 5th Maurice Greene
14%
Season 9 - 7th Michael Irvin
14%
Season 6 - 11th Monica Seles
14%
Season 4 - 11th Paulina Porizkova
14%
Season 7 - 9th Rocco DiSpirito
14%
Season 4 - 10th Shandi Finnessey
14%
Season 12 - 9th Sugar Ray Leonard
14%
Season 9 - 6th Mark Dacascos
12%
Season 3 - 10th Shanna Moakler
12%
Season 6 - 10th Steve Guttenberg
12%
Season 11 - 9th The Situation
12%
Season 29 - 8th Chrishell Strause
8%
No matching quizzes found
Score Distribution
Percent of People with Each Score
Percentile by Number Answered
Your Score History
You have not taken this quiz